Statistics for European Countries Without an R In Their Name

Click here to take the quiz!

General Stats

  • This quiz has been taken 151 times
  • The average score is 20 of 22

Answer Stats

Answer% Correct
UK
98%
Finland
98%
Latvia
97%
Sweden
97%
Spain
97%
Belgium
96%
Poland
95%
Iceland
95%
Lithuania
95%
Slovenia
95%
Italy
94%
Estonia
93%
Kosovo
91%
Monaco
91%
Albania
90%
Macedonia
90%
Slovakia
90%
Moldova
90%
Liechtenstein
87%
Vatican City
87%
Malta
84%
Czechia
55%

Score Distribution

Percentile by Number Answered

Percent of People with Each Score

Your Score History

You have not taken this quiz